000 01081nam a2200301 i 4500
001 000029188
003 DO-SdBNP
005 20240410073847.0
007 ta
008 110414s1983 dr c 000 0bspa d
040 _aDO-SdBNP
_bspa
_cBNPHU
_erda
082 4 _a923.27293
_bD812i 1983
_222
100 1 _aDuarte, Juan Pablo,
_d1813-1876
_91494
245 1 0 _aIdeario de Duarte /
_ccompilado y anotado por Vertilio Alfau Durán ; prólogo, Ismael Hernández Flores.
250 _a5a. ed.
264 _aSanto Domingo :
_bLotería Nacional,
_c1983.
300 _a30 páginas :
_bretratos ;
_c21 cm.
336 _2rdacontent
_atexto
_btxt
337 _2rdamedia
_asin mediación
_bn
338 _2dacarrier
_avolumen
_bnc
590 _aInventariado, 2019/MFF
600 1 0 _aDuarte, Juan Pablo,
_d1813-1876
_91494
651 0 _aRepública Dominicana --
_xHistoria --
_y1844-1930
_91009
700 1 _aAlfau Durán, Vetilio,
_d1909-1985
_ecompilador
_910091
700 1 _aHernández Flores, Ismael,
_eprólogo
_923299
910 _aValidado. Control de calidad EMS
942 _2ddc
_cLF2
999 _c28680
_d28680